| 000 | 01225nam a2200121Ia 4500 | ||
|---|---|---|---|
| 008 | 220615s9999||||xx |||||||||||||| ||und|| | ||
| 245 | 0 | _aBattery Management System for Future Electric Vehicles | |
| 546 | _aEnglish[eng] | ||
| 650 | _astate of charge (SOC)||joint estimation||lithium-ion battery||variational Bayesian approximation||dual extended Kalman filter (DEKF)||measurement statistic uncertainty||electric vehicles||renewable energy sources||microgrid||economic dispatching||capacity allocation||cooperative optimization||SOC||second-order RC model||model parameter optimization||AUKF||small-signal modeling||battery energy storage system||battery management system||control||stability||dynamic response||wireless power||state-of-charge||electric vehicle||LiFePO4 batteries||state of charge (SoC)||Butler–Volmer equation||Arrhenius||Peukert||coulomb efficiency||back propagation neural network (BPNN)||torque and battery distribution||particle swarm optimization||air-cooled BTMS||compact lithium ion battery module||ANN||battery electric vehicles||battery management||hybrid energy storage||n/a | ||
| 700 | _aSöffker, Dirk||Moulik, Bedatri | ||
| 856 | _uhttps://mdpi.com/books/pdfview/book/3061 | ||
| 942 | _cEB | ||
| 999 |
_c11901 _d11901 |
||